000 01456nam0a2200361 i 4500
001 RU\NLR\BIBL_A\010776362
005 20241114182850.0
010 _a9785227059277
_92500
021 _aRU
_b2015-32267
_91913
035 _a(NILC)RuMoRGB-007920641
035 _a(NLR Aleph) 010776362
090 _a10045392
_c10045392
100 _a20150605d2015 km y0rusy50 ca
101 1 _arus
_ceng
102 _aRU
105 _aac||z|||000yy
200 1 _aБозон Хиггса
_eот научной идеи до открытия "частицы Бога"
_fДжим Бэгготт
_g[пер. с англ. Т. М. Шуликовой
_gпредисл. Стивена Вайнберга, лауреат Нобел. премии в обл. физики]
210 _aМосква
_cЦентрполиграф
_d2015
215 _a254, [1] с.
_cил., портр.
_d21
300 _aЗагл. и авт. также на англ. яз.: Higgs / Jim Baggott
320 _aБиблиогр.: с. 253-255
517 1 _6z22790
_aHiggs
_zeng
606 _aХиггса бозоны
_92173342
_3RU\NLR\AUTH\661307232
610 0 _aбозон Хиггса
686 1 _aВ382.42
700 1 _aБэгготт
_bД.
_f1957-
_gДжим
790 1 _6z22517
_aBaggott
_bJ.
_f1957-
_gJim
801 0 _aRU
_bРГБ
_c20150427
_gRCR
801 1 _aRU
_bРГБ
_c20150427
_2rusmarc
942 _cBOOK
980 _aNBR